| 000 | 00849nam a2200253 i 4500 | ||
|---|---|---|---|
| 001 | 14214 | ||
| 003 | ES-MaACL | ||
| 005 | 20240510063024.0 | ||
| 007 | t| | ||
| 008 | 871112s1997 sp ||||0| spa j | ||
| 020 | _a8486351936 | ||
| 080 | _a821.162.1-14"19" | ||
| 100 | 1 |
_aSzimik, Jerzy. _9108994 |
|
| 245 | 1 | 0 |
_aEstoy aprendiendo a andar / _cJerzy Szimik ; traducción de Witold Wonly ; adaptación y prólogo: Cristina Cerezo Silva. |
| 260 |
_aHumanes, Madrid : _bJuan Pastor : _bDiputación Provincial, _c1997. |
||
| 300 |
_a78 p. ; _c20 cm. |
||
| 490 | 1 |
_aDevenir. Serie Poesía ; _v111 |
|
| 700 | 1 |
_aWonly, Witold. _9117295 |
|
| 700 | 1 |
_aCerezo Silva, Cristina. _937512 |
|
| 830 | 0 | 0 |
_aDevenir. _pSerie Poesía ; _v111 _9236243 |
| 852 |
_aES-MaACL _jP-1931 Nº 111 _bR.126627 |
||
| 942 | _2udc | ||
| 999 |
_c14214 _d14214 |
||